Trau dồi kỹ năng tiếng Thái theo phương pháp mới Sơ cấp 6, tập 2

Saved in:
Bibliographic Details
Format: Book
Tags: Add Tag
No Tags, Be the first to tag this record!
Institutions: Mạng thư viện Đại học Đà Nẵng
LEADER 00464nam a22001691a 4500
001 000036706
003 13001
005 20160412012711.0
008 160412s0 000
082 |a 4T(07)96 
245 |a Trau dồi kỹ năng tiếng Thái theo phương pháp mới Sơ cấp 6, tập 2  |c Narabodee 
OWN |a LNN 
999 |a From the UDN01 
TYP |a Monograph 
980 |a Mạng thư viện Đại học Đà Nẵng